Zákon o e-Governmente - novela

Novela zákona o elektronickej podobe výkonu pôsobnosti orgánov verejnej moci. Cieľ novely zákona. Vplyv novely zákona na podnikateľské prostredie. Vplyv novely zákona na služby pre občana. Zmeny, ktoré novela prináša.

Guardado en:
Detalles Bibliográficos
Autor principal: Matulková, Mariana
Formato: Capítulo de libro
Lenguaje:eslovaco
Materias:
Etiquetas: Agregar Etiqueta
Sin Etiquetas, Sea el primero en etiquetar este registro!

MARC

LEADER 00000naa a2200000 4500
001 0259089
005 20191021144730.8
041 0 |a slo 
044 |a SK 
245 1 0 |a Zákon o e-Governmente - novela  |c Mariana Matulková 
520 |a Novela zákona o elektronickej podobe výkonu pôsobnosti orgánov verejnej moci. Cieľ novely zákona. Vplyv novely zákona na podnikateľské prostredie. Vplyv novely zákona na služby pre občana. Zmeny, ktoré novela prináša. 
610 2 0 |a zákony 
610 2 0 |a novelizácia 
610 2 0 |a správa verejná elektronická 
610 2 0 |a služby 
610 2 0 |a efektívnosť 
610 2 0 |a komunikácia elektronická 
100 1 |a Matulková, Mariana